[Event "Tournoi francophone 018E"]
[Site "Skype"]
[Date "????.??.??"]
[Round "1.1"]
[White "Briere, Jean"]
[Black "Ruiz Aguilera, Juan Jesus"]
[Result "0-1"]
[WhiteElo "1275"]
[BlackElo "1116"]
[PlyCount "88"]

1. e4 c5 2. Nf3 e6 3. d4 cxd4 4. Nxd4 Nc6 5. Nxc6 bxc6 6. Nc3 Bc5 7. Na4 Qa5+
8. Nc3 Nf6 9. Bd3 e5 10. h3 d5 11. exd5 Nxd5 12. Bd2 Bb4 13. Nxd5 Bxd2+ 14.
Qxd2 Qxd2+ 15. Kxd2 cxd5 16. Bb5+ Bd7 17. Bxd7+ Kxd7 18. b3 Kc6 19. Kd3 Kc5 20.
a3 a5 21. c4 Rhb8 22. Rab1 e4+ 23. Ke3 f5 24. f4 d4+ 25. Kd2 d3 26. g4 g6 27.
gxf5 gxf5 28. Rhg1 Ra7 29. Rg5 Rf8 30. h4 Kd4 31. Rg3 Rf6 32. b4 axb4 33. axb4
Ra2+ 34. Kd1 Kxc4 35. b5 Rg6 36. Rxg6 hxg6 37. b6 Ra8 38. b7 Rb8 39. Kd2 Kc5
40. Kc3 Kc6 41. Kd2 Rxb7 42. Rxb7 Kxb7 43. Kc3 Kc6 44. Kd4 d2 0-1

[Event "Tournoi francophone 018E"]
[Site "Skype"]
[Date "????.??.??"]
[Round "1.2"]
[White "Yepes Bermudez, Maribel"]
[Black "De Fazio, Monica"]
[Result "1-0"]
[WhiteElo "1301"]
[BlackElo "1141"]
[PlyCount "83"]

1. e4 e6 2. d4 d5 3. e5 c5 4. c3 Nc6 5. Bb5 Bd7 6. Nf3 cxd4 7. cxd4 Qa5+ 8. Nc3
Bb4 9. Be2 Bxc3+ 10. bxc3 Qxc3+ 11. Bd2 Qa3 12. O-O Qe7 13. a3 f6 14. exf6 Nxf6
15. Bg5 h6 16. Bh4 g5 17. Bg3 Ne4 18. Qd3 Nxg3 19. fxg3 Qh7 20. Qe3 Qe4 21. Qd2
Qh7 22. Bd3 Qg7 23. Bc2 g4 24. Ne5 Nxe5 25. dxe5 Qxe5 26. Rae1 Qg5 27. Qd4
O-O-O 28. Qxa7 Rhf8 29. Qc5+ Kb8 30. Rxf8 Rc8 31. Rxc8+ Bxc8 32. Qd6+ Ka7 33.
Qc7 Qd2 34. Rb1 Qd4+ 35. Kf1 Qf6+ 36. Kg1 Qd4+ 37. Kh1 Qh8 38. Ba4 Qd4 39. Bd7
Ka6 40. Bxc8 Qa7 41. Bxb7+ Qxb7 42. Qxb7+ 1-0

[Event "Tournoi francophone 018E"]
[Site "Skype"]
[Date "????.??.??"]
[Round "1.3"]
[White "Cengiz, Ali Ekber"]
[Black "Busto, Ricardo"]
[Result "0-1"]
[WhiteElo "1233"]
[BlackElo "1190"]
[PlyCount "90"]

1. e4 c5 2. Nf3 d6 3. Bc4 Nf6 4. Nc3 e6 5. d3 a6 6. a3 Be7 7. O-O O-O 8. Ne2
Nc6 9. c3 b5 10. Ba2 Bb7 11. b4 c4 12. dxc4 bxc4 13. Bxc4 Nxe4 14. Qc2 d5 15.
Bd3 Rc8 16. Bf4 Bd6 17. Bxe4 Bxf4 18. Nxf4 dxe4 19. Qxe4 Qc7 20. Ng5 g6 21.
Nfxe6 fxe6 22. Qh4 Qe7 23. Rfe1 Nd8 24. Qg3 Qc7 25. Qh3 Rb8 26. Rad1 Bd5 27.
Rd4 Qb7 28. f3 Qa7 29. Kh1 Rb7 30. f4 Nc6 31. Rd2 Qb8 32. Nxe6 Bxe6 33. Qxe6+
Rbf7 34. Qxc6 Qxf4 35. Qc4 Qxd2 36. Rf1 Qd6 37. h3 Qb6 38. Kh2 Qd6+ 39. g3 Qd2+
40. Kh1 Qd6 41. h4 Qxg3 42. h5 Qh3+ 43. Kg1 Qxh5 44. Rf2 Qg5+ 45. Kh1 Qg3 0-1

[Event "Tournoi francophone 018E"]
[Site "Skype"]
[Date "????.??.??"]
[Round "1.4"]
[White "Milanese, Serge"]
[Black "Moumtaz, Abderrahim"]
[Result "0-1"]
[WhiteElo "1202"]
[BlackElo "1274"]
[PlyCount "120"]

1. d4 Nf6 2. Bf4 d5 3. e3 Bf5 4. Be2 e6 5. Nf3 Nc6 6. c3 Be7 7. Bd3 Bxd3 8.
Qxd3 Bd6 9. Bg3 Ne4 10. Qe2 Qf6 11. Bxd6 Nxd6 12. O-O Ne4 13. Nbd2 O-O 14. c4
Nxd2 15. Nxd2 Rad8 16. cxd5 Rxd5 17. Ne4 Qg6 18. f4 Qxe4 19. a3 Nxd4 20. Qd2
Nf5 21. Qc3 Qxe3+ 22. Qxe3 Nxe3 23. Rf3 Nf5 24. Rc1 c6 25. Rb3 Rb5 26. Rcc3 Rd8
27. Rd3 Rxd3 28. Rxd3 h6 29. Rd8+ Kh7 30. Rf8 Kg6 31. b4 Rd5 32. Kf2 Rd2+ 33.
Ke1 Rxg2 34. Ra8 a6 35. a4 Rxh2 36. Ra7 Nd4 37. Rxb7 Re2+ 38. Kd1 Rf2 39. Rb6
Rxf4 40. Rxa6 h5 41. Kd2 Rg4 42. b5 cxb5 43. Kc3 Ne2+ 44. Kd2 Nd4 45. Kc3 Nf5
46. axb5 h4 47. b6 Rg3+ 48. Kc2 Rg2+ 49. Kd3 Rg3+ 50. Kc2 Nd4+ 51. Kd2 Rb3 52.
Ra4 h3 53. Rxd4 Rxb6 54. Rh4 Rb3 55. Ke2 Kg5 56. Rh7 Kg6 57. Rh4 Rb2+ 58. Kf3
Kg5 59. Rg4+ Kf6 60. Rxg7 Kxg7 0-1

[Event "Tournoi francophone 018E"]
[Site "Skype"]
[Date "????.??.??"]
[Round "1.5"]
[White "Vincent, Andre"]
[Black "Malbec, Robert"]
[Result "0-1"]
[WhiteElo "1332"]
[BlackElo "1174"]
[PlyCount "80"]

1. Nf3 Nc6 2. g3 e5 3. e4 d6 4. Bg2 Nf6 5. Nc3 Be7 6. O-O O-O 7. d3 h6 8. h3
Be6 9. Re1 Qc8 10. d4 Bxh3 11. dxe5 dxe5 12. Bh1 Bg4 13. Be3 Bd6 14. a3 Rd8 15.
Qc1 Bf8 16. b4 Bxf3 17. Bxf3 Qh3 18. Bg2 Qh5 19. f3 Qg6 20. Ne2 a6 21. Qb2 Nd4
22. Bxd4 exd4 23. Rad1 Bd6 24. Kf2 Be5 25. Rd3 Rd6 26. Rc1 Rad8 27. Rh1 b5 28.
Qc1 h5 29. Bh3 Qh7 30. Bf5 g6 31. Qg5 Kh8 32. f4 Ng4+ 33. Bxg4 Bf6 34. Qc5 hxg4
35. Rxh7+ Kxh7 36. Qxc7 R8d7 37. Qc5 Bg7 38. Nxd4 Bxd4+ 39. Rxd4 Rxd4 40. Ke3
Rd2 0-1

[Event "Tournoi francophone 018E"]
[Site "Skype"]
[Date "????.??.??"]
[Round "2.1"]
[White "Ruiz Aguilera, Juan Jesus"]
[Black "Malbec, Robert"]
[Result "0-1"]
[WhiteElo "1116"]
[BlackElo "1174"]
[PlyCount "68"]

1. e4 e5 2. Nf3 Nc6 3. d4 exd4 4. Nxd4 Nxd4 5. Qxd4 c5 6. Qd1 d6 7. c4 Nf6 8.
Nc3 Bg4 9. f3 Be6 10. Bd3 Be7 11. Qb3 b6 12. Bf4 O-O 13. O-O Nh5 14. Be3 Bg5
15. f4 Be7 16. Qc2 g6 17. g4 Bxg4 18. f5 Ng7 19. Rf4 Bh5 20. Ne2 Bg5 21. f6 Ne6
22. Raf1 Bxe2 23. Qxe2 Bxf4 24. Bxf4 Qxf6 25. Bxd6 Qd4+ 26. Kh1 Qxd6 27. e5
Qc6+ 28. Kg1 Nd4 29. Qg4 Qe6 30. Qh4 Qxe5 31. Rf4 Qe3+ 32. Kh1 Qxd3 33. Qh6 Nf5
34. Rxf5 Qxf5 0-1

[Event "Tournoi francophone 018E"]
[Site "Skype"]
[Date "????.??.??"]
[Round "2.2"]
[White "Moumtaz, Abderrahim"]
[Black "Vincent, Andre"]
[Result "1-0"]
[WhiteElo "1274"]
[BlackElo "1332"]
[PlyCount "65"]

1. d4 Nf6 2. Nf3 d5 3. c4 e6 4. Bg5 Be7 5. Nc3 c6 6. cxd5 O-O 7. dxc6 bxc6 8.
e4 Bb4 9. Bd3 Bxc3+ 10. bxc3 Qa5 11. Qc2 Bd7 12. O-O Ne8 13. e5 f5 14. Rfb1 Qc7
15. Qb3 Kh8 16. Qb7 Qxb7 17. Rxb7 Bc8 18. Re7 h6 19. Bh4 g5 20. Bg3 Ng7 21. h3
f4 22. Bh2 Nf5 23. Bxf5 exf5 24. Re1 Na6 25. h4 g4 26. Nd2 c5 27. d5 f3 28.
gxf3 gxf3 29. Nxf3 c4 30. e6 Nc5 31. Be5+ Kg8 32. Rg7+ Kh8 33. Rc7+ 1-0

[Event "Tournoi francophone 018E"]
[Site "Skype"]
[Date "????.??.??"]
[Round "2.3"]
[White "Busto, Ricardo"]
[Black "Milanese, Serge"]
[Result "1-0"]
[WhiteElo "1190"]
[BlackElo "1202"]
[PlyCount "67"]

1. d4 Nf6 2. c4 e6 3. Nf3 d5 4. e3 Be7 5. Bd3 O-O 6. O-O Nc6 7. a3 Bd7 8. cxd5
exd5 9. Nc3 Be6 10. Ng5 g6 11. Nxe6 fxe6 12. Qc2 Qe8 13. b4 a6 14. Bb2 Bd6 15.
Rfe1 Ne7 16. e4 Ng4 17. e5 Rxf2 18. Qb1 Rd2 19. exd6 Qf8 20. Rf1 Rxb2 21. Rxf8+
Rxf8 22. Qxb2 cxd6 23. Qe2 Rf4 24. Qxe6+ Kf8 25. Rf1 Rxf1+ 26. Bxf1 Nh6 27.
Qxd6 Nhf5 28. Qb8+ Kg7 29. Qxb7 Kf6 30. Qxa6+ Kg5 31. Bd3 Nxd4 32. Qb7 Kf6 33.
Nxd5+ Nxd5 34. Qxd5 1-0

[Event "Tournoi francophone 018E"]
[Site "Skype"]
[Date "????.??.??"]
[Round "2.4"]
[White "De Fazio, Monica"]
[Black "Cengiz, Ali Ekber"]
[Result "0-1"]
[WhiteElo "1141"]
[BlackElo "1233"]
[PlyCount "82"]

1. d4 d5 2. c4 e6 3. g3 c6 4. Bg2 Nf6 5. Nf3 Bb4+ 6. Bd2 Qb6 7. Nc3 Qd8 8. O-O
Bxc3 9. bxc3 Nbd7 10. Bg5 Nb6 11. cxd5 exd5 12. Qc2 O-O 13. Ne5 g6 14. e4 Qd6
15. Bxf6 Qxf6 16. exd5 cxd5 17. Qb3 Be6 18. Bf3 Nc4 19. Nxc4 Qxf3 20. Ne5 Qf6
21. Qxb7 Rab8 22. Qxa7 Ra8 23. Qc7 Rfc8 24. Nd7 Qf3 25. Ne5 Rxc7 26. Nxf3 Rxc3
27. Ng5 Bf5 28. Rfc1 Rd3 29. Rc7 Rf8 30. a4 h6 31. g4 Bxg4 32. a5 Rb3 33. f3
Rbb8 34. fxg4 hxg5 35. Rd7 Rfd8 36. Rxd8+ Rxd8 37. a6 Ra8 38. Ra5 Kf8 39. Rxd5
Rxa6 40. Rxg5 Rd6 41. Rd5 Rxd5 0-1

[Event "Tournoi francophone 018E"]
[Site "Skype"]
[Date "????.??.??"]
[Round "2.5"]
[White "Briere, Jean"]
[Black "Yepes Bermudez, Maribel"]
[Result "0-1"]
[WhiteElo "1275"]
[BlackElo "1301"]
[PlyCount "60"]

1. e4 d5 2. exd5 Qxd5 3. Nc3 Qa5 4. d4 Nf6 5. Bd2 c6 6. Nf3 Qc7 7. Ne5 Bf5 8.
Bd3 Bg6 9. Qf3 Nbd7 10. Nxd7 Qxd7 11. Bxg6 hxg6 12. Be3 e6 13. O-O-O Qc7 14.
Bf4 Qa5 15. a3 g5 16. Bxg5 Qxg5+ 17. Kb1 Bd6 18. g3 Rd8 19. h4 Qa5 20. Ne4 Nxe4
21. Qxe4 Qb6 22. Qe3 Rh5 23. Rhe1 Ra5 24. Rd3 Rb5 25. Rb3 Rxb3 26. cxb3 Be7 27.
Rd1 Bc5 28. b4 Bxd4 29. Qd3 Bxf2 30. Qxd8+ Qxd8 0-1

[Event "Tournoi francophone 018E"]
[Site "Skype"]
[Date "????.??.??"]
[Round "3.2"]
[White "Cengiz, Ali Ekber"]
[Black "Briere, Jean"]
[Result "1-0"]
[WhiteElo "1233"]
[BlackElo "1275"]
[PlyCount "45"]

1. e4 e5 2. Nf3 Nc6 3. Bc4 Bc5 4. Nc3 Nf6 5. h3 d6 6. a3 O-O 7. d3 h6 8. b4 Bd4
9. Nxd4 Nxd4 10. Be3 Be6 11. Nd5 Bxd5 12. exd5 b5 13. Ba2 c6 14. c4 bxc4 15.
dxc4 c5 16. O-O a6 17. Bb1 Qb6 18. f4 cxb4 19. fxe5 dxe5 20. axb4 Qxb4 21. Qd3
Qd6 22. c5 Qxd5 23. Rxf6 1-0

[Event "Tournoi francophone 018E"]
[Site "Skype"]
[Date "????.??.??"]
[Round "3.3"]
[White "Milanese, Serge"]
[Black "De Fazio, Monica"]
[Result "1-0"]
[WhiteElo "1202"]
[BlackElo "1141"]
[PlyCount "121"]

1. Nf3 Nf6 2. d4 e6 3. Bf4 d5 4. e3 c5 5. c3 Nc6 6. Be2 Qb6 7. Qb3 Qxb3 8. axb3
cxd4 9. exd4 Bd7 10. O-O Be7 11. Ne5 Ne4 12. f3 Nd6 13. Nxd7 Kxd7 14. Bd3 h6
15. c4 Nxd4 16. Be5 Bf6 17. Bxd4 Bxd4+ 18. Kh1 Bxb2 19. Ra4 dxc4 20. bxc4 Nf5
21. Bxf5 exf5 22. Rd1+ Ke6 23. g3 a6 24. Rb4 Be5 25. Rb6+ Ke7 26. Na3 Rhd8 27.
Rxb7+ Kf6 28. Rxd8 Rxd8 29. Ra7 Rd1+ 30. Kg2 Rd2+ 31. Kf1 Rd3 32. Rxa6+ Kg5 33.
f4+ Bxf4 34. gxf4+ Kxf4 35. c5 Rf3+ 36. Ke2 Re3+ 37. Kd2 Ke4 38. Ra4+ Kf3 39.
c6 Re8 40. Rb4 Rd8+ 41. Kc3 Rc8 42. Rc4 Rc7 43. Kd4 Ra7 44. Nb5 Ra8 45. c7 f4
46. Nd6 Kg2 47. c8=Q Rxc8 48. Nxc8 f3 49. Rc2+ f2 50. Ke3 Kxh2 51. Rxf2+ Kg3
52. Rxf7 g5 53. Rf5 g4 54. Nd6 Kh4 55. Ne4 h5 56. Ng3 Kxg3 57. Rxh5 Kg2 58. Rg5
Kg3 59. Rg6 Kh4 60. Kf4 g3 61. Rh6# 1-0

[Event "Tournoi francophone 018E"]
[Site "Skype"]
[Date "????.??.??"]
[Round "3.4"]
[White "Vincent, Andre"]
[Black "Busto, Ricardo"]
[Result "1/2-1/2"]
[WhiteElo "1332"]
[BlackElo "1190"]
[PlyCount "119"]

1. Nf3 c5 2. d4 cxd4 3. Nxd4 Nc6 4. e3 Nf6 5. Nc3 e6 6. Be2 Bc5 7. O-O O-O 8.
a3 a6 9. b4 Ba7 10. Bb2 d5 11. Bf3 Bd7 12. Re1 Qc7 13. Nb3 Bb8 14. g3 Ne5 15.
Be2 Nc4 16. Bc1 b5 17. Nc5 Rd8 18. Nxd7 Nxd7 19. f4 Nf6 20. Bd3 Ba7 21. Qf3 e5
22. fxe5 Nxe5 23. Qe2 Qxc3 24. Rb1 Nxd3 25. cxd3 Qe5 26. Bb2 d4 27. e4 Qh5 28.
Qxh5 Nxh5 29. Bc1 Rac8 30. Rb2 Rc3 31. Rd2 Rdc8 32. Bb2 Rc2 33. Rxc2 Rxc2 34.
Rc1 Rxc1+ 35. Bxc1 Nf6 36. h3 Bb8 37. Kg2 Kf8 38. Kf3 Ke7 39. Bg5 Ke6 40. Bxf6
Kxf6 41. Kg4 Ke6 42. Kf3 Ke5 43. g4 g5 44. Kg3 Kf6+ 45. Kf3 Bf4 46. h4 gxh4 47.
Kxf4 Kg6 48. g5 h6 49. gxh6 Kxh6 50. Kg4 Kg6 51. Kxh4 Kf6 52. Kg4 Ke5 53. Kf3
f6 54. Kg4 Ke6 55. Kf4 Kd6 56. Kf5 Ke7 57. Kf4 Ke6 58. Kf3 f5 59. Kf4 fxe4 60.
Kxe4 1/2-1/2

[Event "Tournoi francophone 018E"]
[Site "Skype"]
[Date "????.??.??"]
[Round "3.5"]
[White "Malbec, Robert"]
[Black "Moumtaz, Abderrahim"]
[Result "0-1"]
[WhiteElo "1174"]
[BlackElo "1274"]
[PlyCount "34"]

1. e4 e5 2. Bc4 Bc5 3. c3 Nf6 4. d4 exd4 5. cxd4 Bb4+ 6. Bd2 Nxe4 7. Qe2 Qe7 8.
d5 Nxd2 9. Nxd2 Qxe2+ 10. Kxe2 O-O 11. Kf1 d6 12. a3 Bxd2 13. b4 b6 14. Rd1 a6
15. Re1 Bf5 16. Ra1 Re8 17. Ra2 Bd3+ 0-1

[Event "Tournoi francophone 018E"]
[Site "Skype"]
[Date "????.??.??"]
[Round "4.1"]
[White "Ruiz Aguilera, Juan Jesus"]
[Black "Moumtaz, Abderrahim"]
[Result "0-1"]
[WhiteElo "1116"]
[BlackElo "1274"]
[PlyCount "152"]

1. e4 e5 2. Nf3 Nc6 3. d4 exd4 4. Nxd4 Bc5 5. Be3 Nxd4 6. Bxd4 Bxd4 7. Qxd4 Nf6
8. Bc4 O-O 9. O-O d6 10. f4 Be6 11. Bxe6 fxe6 12. Nc3 Qd7 13. Rad1 Ng4 14. h3
Nf6 15. e5 Nh5 16. exd6 cxd6 17. Qxd6 Qxd6 18. Rxd6 Nxf4 19. g3 Nxh3+ 20. Kg2
Rxf1 21. Kxf1 Re8 22. Rd7 Rb8 23. Re7 Ng5 24. Kf2 Kf8 25. Rd7 a6 26. Ke3 Nf7
27. Kd4 Rd8 28. Rxd8+ Nxd8 29. Ke5 Kf7 30. Ne4 Nc6+ 31. Kf4 Ke7 32. Nc5 Nb4 33.
Nxb7 Nxc2 34. Nc5 a5 35. Ke5 Nb4 36. a3 Nc6+ 37. Kf4 Kd6 38. Ne4+ Kd5 39. Ke3
Ke5 40. Ng5 h6 41. Nf7+ Kf6 42. Nd6 Ke5 43. Nc4+ Kf5 44. Nd6+ Kg4 45. Kf2 Ne5
46. Ne4 Nd3+ 47. Ke3 Nxb2 48. Kf2 a4 49. Nc3 e5 50. Kg2 Kf5 51. Kf3 g5 52. g4+
Kg6 53. Ke4 Kf6 54. Kf3 Ke6 55. Ke4 Nc4 56. Nxa4 Nxa3 57. Nc5+ Kf6 58. Nd3 Nb5
59. Nxe5 Nd6+ 60. Kd4 Ke6 61. Nc4 Nxc4 62. Kxc4 Ke5 63. Kd3 Kf4 64. Ke2 Kxg4
65. Kf2 h5 66. Kg2 h4 67. Kh2 h3 68. Kh1 Kg3 69. Kg1 g4 70. Kh1 Kh4 71. Kg1 g3
72. Kh1 Kg4 73. Kg1 Kf3 74. Kh1 g2+ 75. Kg1 h2+ 76. Kxh2 Kf2 0-1

[Event "Tournoi francophone 018E"]
[Site "Skype"]
[Date "????.??.??"]
[Round "4.3"]
[White "De Fazio, Monica"]
[Black "Vincent, Andre"]
[Result "0-1"]
[WhiteElo "1141"]
[BlackElo "1332"]
[PlyCount "60"]

1. d4 Nf6 2. c4 c6 3. Nf3 d5 4. g3 e6 5. Bg2 Bb4+ 6. Nbd2 O-O 7. O-O Nbd7 8. b3
Re8 9. Bb2 b6 10. Qc2 Bxd2 11. Qxd2 Ne4 12. Qc2 Ndf6 13. cxd5 cxd5 14. Ne5 Bb7
15. f3 Rc8 16. Qd3 Nd6 17. Rac1 Re7 18. Rxc8 Qxc8 19. Rc1 Rc7 20. Ba3 Rxc1+ 21.
Bxc1 Qxc1+ 22. Bf1 b5 23. a4 b4 24. Kf2 Qc3 25. a5 a6 26. g4 Nb5 27. e3 Qb2+
28. Be2 Nc3 29. g5 Nxe2 30. gxf6 Nf4+ 0-1

[Event "Tournoi francophone 018E"]
[Site "Skype"]
[Date "????.??.??"]
[Round "4.5"]
[White "Yepes Bermudez, Maribel"]
[Black "Cengiz, Ali Ekber"]
[Result "0-1"]
[WhiteElo "1301"]
[BlackElo "1233"]
[PlyCount "90"]

1. e4 e5 2. Nf3 Nc6 3. Bb5 Nd4 4. Nxd4 exd4 5. d3 Nf6 6. Nd2 Bb4 7. O-O O-O 8.
Nf3 d6 9. Nxd4 c6 10. Ba4 Qc7 11. c3 Bc5 12. b4 Bb6 13. h3 d5 14. Re1 dxe4 15.
dxe4 Bd7 16. Bb3 Rae8 17. Qc2 Qd6 18. Nf3 Qg3 19. Kf1 Qg6 20. Nd2 Be6 21. c4
Bd4 22. Rb1 Be5 23. Ba3 Rd8 24. b5 Rfe8 25. bxc6 bxc6 26. Re2 Nh5 27. g4 Nf4
28. Re3 Qh6 29. Bc5 Nxh3 30. g5 Qxg5 31. Nf3 Qf6 32. Nxe5 Qxe5 33. Bxa7 Nf4 34.
Ba4 Bh3+ 35. Kg1 Ng2 36. Rxh3 Nf4 37. Re3 Re6 38. Rbb3 Qh5 39. Re1 Rg6+ 40. Rg3
Nh3+ 41. Kg2 Nf4+ 42. Kg1 Nh3+ 43. Kf1 Nf4 44. Rg1 Qh3+ 45. Rg2 Qxg2# 0-1

[Event "Tournoi francophone 018E"]
[Site "Skype"]
[Date "????.??.??"]
[Round "5.1"]
[White "Cengiz, Ali Ekber"]
[Black "Ruiz Aguilera, Juan Jesus"]
[Result "0-1"]
[WhiteElo "1233"]
[BlackElo "1116"]
[PlyCount "112"]

1. e4 c5 2. Nf3 d6 3. Nc3 e6 4. Be2 Nc6 5. d3 Be7 6. a3 Nf6 7. O-O O-O 8. Be3
e5 9. Nd2 Ne8 10. Bg4 Nd4 11. Bxc8 Qxc8 12. Nd5 Nc6 13. b4 Nc7 14. Nxe7+ Nxe7
15. bxc5 dxc5 16. Bxc5 Ncd5 17. Nb3 b6 18. exd5 bxc5 19. c4 Rb8 20. Rb1 Rd8 21.
Re1 Qc7 22. Nd2 Rxb1 23. Qxb1 Rb8 24. Qa1 Ng6 25. g3 Qc8 26. Rb1 Rxb1+ 27. Qxb1
f5 28. Qf1 f4 29. Qg2 Qg4 30. f3 Qd7 31. Ne4 Qa4 32. Nxc5 Qxa3 33. Qf2 fxg3 34.
hxg3 Kf7 35. d6 Nf8 36. Qe3 Ne6 37. Ne4 Kg8 38. Ng5 Qc5 39. Nxe6 Qxe3+ 40. Kg2
Qd2+ 41. Kh3 Qh6+ 42. Kg2 Qxe6 43. c5 Qd5 44. Kf2 Qxc5+ 45. Ke2 Qxd6 46. Kd2
Qh6+ 47. Ke2 Qh2+ 48. Ke3 Qh6+ 49. Ke2 Kf7 50. Ke1 Ke6 51. Ke2 Kd5 52. Kd1 Kd4
53. Kc2 Qc6+ 54. Kd1 Kxd3 55. Ke1 Qxf3 56. g4 Qe2# 0-1

[Event "Tournoi francophone 018E"]
[Site "Skype"]
[Date "????.??.??"]
[Round "5.2"]
[White "Milanese, Serge"]
[Black "Yepes Bermudez, Maribel"]
[Result "1-0"]
[WhiteElo "1202"]
[BlackElo "1301"]
[PlyCount "49"]

1. d4 d5 2. Bf4 Nf6 3. e3 Bf5 4. Bd3 Bg6 5. Nf3 Nbd7 6. Nbd2 e6 7. Ne5 Nxe5 8.
dxe5 Nh5 9. Bg3 Nxg3 10. hxg3 Bxd3 11. cxd3 Be7 12. d4 c6 13. f4 Qa5 14. O-O
Qb5 15. f5 Qd3 16. a3 Qxe3+ 17. Kh2 Qxd4 18. Nf3 Qg4 19. Nd4 Bc5 20. Qxg4 O-O-O
21. fxe6 fxe6 22. Nxe6 Rde8 23. Nxc5+ Kc7 24. Rf7+ Kb6 25. Qb4# 1-0

[Event "Tournoi francophone 018E"]
[Site "Skype"]
[Date "????.??.??"]
[Round "5.3"]
[White "Vincent, Andre"]
[Black "Briere, Jean"]
[Result "1/2-1/2"]
[WhiteElo "1332"]
[BlackElo "1275"]
[PlyCount "44"]

1. Nf3 d5 2. d4 Nc6 3. g3 e6 4. Bg2 Nf6 5. Nbd2 Be7 6. c3 O-O 7. O-O b5 8. a3
a5 9. Re1 Bb7 10. Nb3 h6 11. Nc5 Bxc5 12. dxc5 b4 13. Qc2 bxa3 14. Rxa3 Ne4 15.
Be3 Qe7 16. Rd1 Nxc5 17. Nd4 Nxd4 18. cxd4 Nd7 19. Qxc7 Ba6 20. Bf3 Rfc8 21.
Qf4 Bc4 22. Rc1 Nf6 1/2-1/2

[Event "Tournoi francophone 018E"]
[Site "Skype"]
[Date "????.??.??"]
[Round "5.4"]
[White "Malbec, Robert"]
[Black "De Fazio, Monica"]
[Result "1-0"]
[WhiteElo "1174"]
[BlackElo "1141"]
[PlyCount "95"]

1. d4 Nf6 2. c4 e6 3. Nc3 Bb4 4. Bg5 c5 5. dxc5 Bxc5 6. e3 Bb4 7. Qb3 Nc6 8. a3
Bxc3+ 9. Qxc3 Qa5 10. Qxa5 Nxa5 11. Bxf6 gxf6 12. Nf3 b6 13. Be2 Bb7 14. O-O
Bxf3 15. Bxf3 Rc8 16. Rac1 Rxc4 17. Rxc4 Nxc4 18. Rc1 Nd6 19. Rc7 a5 20. Ra7
Ke7 21. Rc7 Rc8 22. Rxc8 Nxc8 23. Kf1 Nd6 24. b3 f5 25. a4 f6 26. Bd1 Ne4 27.
Bc2 Kd6 28. f3 Nc5 29. Ke2 Kc6 30. h3 h5 31. Kf2 b5 32. Kg3 bxa4 33. bxa4 Kd5
34. Kh4 Kc4 35. Kxh5 Kb4 36. Kg6 Nxa4 37. h4 Nc3 38. h5 a4 39. Bxa4 Kxa4 40. h6
Nd5 41. h7 f4 42. exf4 Nxf4+ 43. Kxf6 Nh5+ 44. Kg6 Nf4+ 45. Kg7 Nh5+ 46. Kf7 d5
47. h8=Q Nf4 48. Qd4+ 1-0

[Event "Tournoi francophone 018E"]
[Site "Skype"]
[Date "????.??.??"]
[Round "5.5"]
[White "Moumtaz, Abderrahim"]
[Black "Busto, Ricardo"]
[Result "1-0"]
[WhiteElo "1274"]
[BlackElo "1190"]
[PlyCount "75"]

1. d4 Nf6 2. c4 g6 3. e4 Nxe4 4. Nf3 d6 5. Bd3 Nf6 6. O-O Bg7 7. Nc3 O-O 8. Be3
Nbd7 9. Qd2 Re8 10. Bh6 Bh8 11. Rfe1 e5 12. dxe5 Nxe5 13. Nxe5 dxe5 14. Bg5 c5
15. Nd5 Be6 16. Rxe5 Bxd5 17. Rxe8+ Qxe8 18. cxd5 Nxd5 19. Re1 Qd7 20. Bc4 Nb6
21. Qxd7 Nxd7 22. Re7 Ne5 23. Bd5 Rd8 24. Bb3 c4 25. Bc2 Rb8 26. Be4 Rd8 27. f3
h6 28. Bxh6 Kh7 29. Bg5 Rd1+ 30. Kf2 Rb1 31. Rxb7 Nd3+ 32. Kg3 Rxb2 33. Rxf7+
Kg8 34. Rxa7 Ne5 35. Bd5+ Kf8 36. Ra8+ Kg7 37. Ra7+ Kf8 38. Bh6+ 1-0

[Event "Tournoi francophone 018E"]
[Site "Skype"]
[Date "????.??.??"]
[Round "6.1"]
[White "Ruiz Aguilera, Juan Jesus"]
[Black "Busto, Ricardo"]
[Result "1-0"]
[WhiteElo "1116"]
[BlackElo "1190"]
[PlyCount "81"]

1. e4 c5 2. Nf3 d6 3. g3 Nf6 4. Nc3 e5 5. Bb5+ Bd7 6. Bxd7+ Nbxd7 7. O-O Be7 8.
d3 a6 9. Be3 O-O 10. Qe2 b5 11. a4 Ng4 12. Nd5 Bf6 13. c4 bxa4 14. Rxa4 Nxe3
15. Qxe3 Nb6 16. Ra3 Nxd5 17. cxd5 a5 18. Rc1 Rb8 19. Rb1 h6 20. Qd2 Ra8 21.
Rba1 Bg5 22. Nxg5 Qxg5 23. Qxg5 hxg5 24. Rxa5 Rab8 25. Ra6 Rfd8 26. Rb1 Kf8 27.
Kg2 Ke8 28. Kf3 Rb3 29. Ke2 Rdb8 30. Ra2 Ke7 31. Kd2 g6 32. Kc2 f5 33. f3 fxe4
34. fxe4 Kd7 35. Ra7+ R3b7 36. Rxb7+ Rxb7 37. b3 Kc7 38. Kc3 Rb4 39. Rf1 Kb6
40. Rf6 Kb5 41. Rxd6 1-0

[Event "Tournoi francophone 018E"]
[Site "Skype"]
[Date "????.??.??"]
[Round "6.2"]
[White "De Fazio, Monica"]
[Black "Moumtaz, Abderrahim"]
[Result "1-0"]
[WhiteElo "1141"]
[BlackElo "1274"]
[PlyCount "108"]

1. d4 Nf6 2. c4 c6 3. Nf3 d5 4. g3 dxc4 5. Bg2 e6 6. O-O Bd6 7. Nbd2 b5 8. a4
Bd7 9. axb5 cxb5 10. Ne5 Bxe5 11. dxe5 Bc6 12. Bxc6+ Nxc6 13. exf6 Qxf6 14. Ne4
Qe7 15. Nd6+ Kf8 16. Nxb5 Rd8 17. Qa4 Qc5 18. Nxa7 Nxa7 19. Qxa7 Qxa7 20. Rxa7
Ke8 21. Be3 Rc8 22. Rd1 Rf8 23. Bd4 Rd8 24. Rc7 e5 25. Rxc4 exd4 26. Rdxd4 Rxd4
27. Rxd4 Ke7 28. e4 Rb8 29. b4 f6 30. Kg2 g5 31. Kf3 Ke6 32. h4 h5 33. Ke3 Rb5
34. Rc4 Re5 35. Rc6+ Kf7 36. Rc5 Re6 37. b5 Kg6 38. Rc6 Re5 39. b6 Rb5 40. Kd4
Kf7 41. Rc7+ Ke6 42. Rc6+ Kf7 43. Kc4 Rb2 44. Rc7+ Ke6 45. b7 Ke5 46. f3 g4 47.
Rc5+ Kd6 48. fxg4 hxg4 49. Rb5 Rxb5 50. Kxb5 Kc7 51. Ka6 Kb8 52. h5 Kc7 53. h6
f5 54. exf5 Kb8 1-0

[Event "Tournoi francophone 018E"]
[Site "Skype"]
[Date "????.??.??"]
[Round "6.3"]
[White "Briere, Jean"]
[Black "Malbec, Robert"]
[Result "1-0"]
[WhiteElo "1275"]
[BlackElo "1174"]
[PlyCount "73"]

1. e4 e5 2. Nf3 Nc6 3. Bc4 Bc5 4. d3 Nf6 5. Nc3 O-O 6. O-O d6 7. h3 a6 8. Be3
Ba7 9. Re1 Bd4 10. Bxd4 exd4 11. Nd5 b5 12. Bb3 a5 13. a3 Bb7 14. c3 dxc3 15.
Nxc3 Ba6 16. Rc1 Qd7 17. Nd5 Nxd5 18. Bxd5 Bb7 19. Rc2 Ra6 20. Qd2 Ba8 21. Rec1
Ne5 22. Nxe5 dxe5 23. Rxc7 Qd8 24. Bxf7+ Kh8 25. Rc8 Qe7 26. Rxf8+ Qxf8 27. Rc7
Rc6 28. Rxc6 Bxc6 29. Qc2 Qa8 30. Qc5 h6 31. Qxe5 Qf8 32. Bg6 a4 33. d4 Qd8 34.
d5 Bd7 35. Qd6 Qc8 36. Kh2 Be8 37. Qf8# 1-0

[Event "Tournoi francophone 018E"]
[Site "Skype"]
[Date "????.??.??"]
[Round "6.5"]
[White "Cengiz, Ali Ekber"]
[Black "Milanese, Serge"]
[Result "1-0"]
[WhiteElo "1233"]
[BlackElo "1202"]
[PlyCount "63"]

1. e4 e5 2. Nf3 Nc6 3. Bc4 Bc5 4. Nc3 d6 5. h3 Nf6 6. d3 h6 7. O-O O-O 8. a3 a6
9. Be3 Be6 10. Bxe6 fxe6 11. Ne2 Bb6 12. c3 Bxe3 13. fxe3 Nd7 14. d4 d5 15.
exd5 exd5 16. Qb3 Ne7 17. dxe5 c6 18. Ned4 Nc5 19. Qd1 Nf5 20. Nxf5 Rxf5 21. b4
Ne4 22. Qd4 Ng5 23. Ra2 Qc7 24. Raf2 Ne6 25. Qg4 Raf8 26. Nh4 Rxe5 27. Rxf8+
Nxf8 28. Nf5 Ne6 29. Nxh6+ Kh7 30. Nf7 Rxe3 31. Qh5+ Kg8 32. Qh8# 1-0

[Event "Tournoi francophone 018E"]
[Site "Skype"]
[Date "????.??.??"]
[Round "7.1"]
[White "Milanese, Serge"]
[Black "Ruiz Aguilera, Juan Jesus"]
[Result "0-1"]
[WhiteElo "1202"]
[BlackElo "1116"]
[PlyCount "58"]

1. d4 Nf6 2. Bf4 d5 3. e3 e6 4. Nf3 Bd6 5. Bg3 O-O 6. Bd3 Nc6 7. c3 Ne4 8. Nbd2
Nxd2 9. Qxd2 Re8 10. Ne5 Nxe5 11. dxe5 Bc5 12. h4 Bd7 13. Qe2 Kh8 14. f4 Qe7
15. a3 Bb6 16. Bc2 a6 17. Qd3 g6 18. h5 Rg8 19. Qe2 g5 20. Bh4 gxh4 21. Qd3 f5
22. exf6 Qf7 23. Rxh4 Rxg2 24. Rh1 Bxe3 25. Qxe3 Rxc2 26. b4 Qxf6 27. Rh3 Rg8
28. Rc1 Rxc1+ 29. Qxc1 Rg1+ 0-1